000 00651nam a2200181Ia 4500
008 151018s9999 xx 000 0 und d
082 _bRBASDV2443
_a891.462
100 _aबाळ कोल्हटकर
245 _aदुरितांचे तिमिर जाओ
250 _b1
260 _bपरचुरे प्रकाशन मुंबई
_c1959
300 _a98
600 _aबाळ कोल्हटकर
630 _aदुरितांचे तिमिर जाओ
700 _aबाळ कोल्हटकर
730 _aदुरितांचे तिमिर जाओ
942 _cBOOK
999 _c1004865
_d1004862